000 00375nam a2200145Ia 4500
008 241014s9999||||xx |||||||||||||| ||und||
020 _a978-8131227046
060 _aQT 104 H 2011
100 _aHall, John E.
245 0 _aGuyton and Hall Textbook of medical physiology.
250 _a12th
260 _bSaunders, Elsevier
_c2011
650 _aPhysiology
942 _bDIMC
_cBK
999 _c8580
_d8580